|
|
|
|
| LEADER |
00000nkmaa2200000 a 4500 |
| 001 |
vtls010077546 |
| 003 |
SK-MaSNL |
| 005 |
20260302011108.0 |
| 007 |
kf co |
| 008 |
230802q1869 xo 000 ||00 k|hun |
| 035 |
|
|
|a 6F10533B-342E-4F0D-9CB8-41A12EA30228
|
| 035 |
|
|
|a urn:nbn:sk:snk-km001xpf
|
| 035 |
|
|
|a urn:nbn:sk:snk-kmth65
|
| 040 |
|
|
|a SNKLA
|b slo
|c SNKLA
|e AACR2
|
| 041 |
0 |
|
|a hun
|
| 044 |
|
|
|a xo
|c SK
|
| 245 |
0 |
0 |
|a Pozsony
|h [grafika]
|b Baross Gábor út.
|
| 260 |
|
|
|a Pozsony
|b Duschinsky, G.
|c [medzi 1869 a 1907?]
|
| 300 |
|
|
|a 1 pohľadnica
|b kolorovaná
|c 9x14 cm
|
| 651 |
|
7 |
|a Bratislava (Slovensko)
|2 SNKPH
|
| 651 |
|
7 |
|a Slovensko
|2 SNKPH
|
| 655 |
|
7 |
|a miestne pohľadnice
|2 SNKPH
|9 70510
|
| 655 |
|
7 |
|a historické pohľadnice
|2 SNKPH
|9 159703
|
| 752 |
|
|
|a Slovensko
|d Bratislava
|
| 852 |
|
|
|a Slovenská národná knižnica
|b Literárny archív
|
| 958 |
|
|
|a GC
|
| 958 |
|
|
|a BLA
|
| 999 |
|
|
|c 1004792
|d 1006722
|
| 952 |
|
|
|a SNKLA
|b SNKLA
|c SNKLA_DEP
|y NEVYP
|7 0
|p 17A0647035
|o snkLA 2096/1970
|0 0
|1 0
|4 0
|d 2014-07-08
|f 1
|l 0
|r 2026-02-24 12:32:22
|w 2026-02-24
|